01381 a2200169 45000010006000000050017000060080041000230030015000640400040000790800074001192450097001932640029002903000023003195050820003421000023011627000026011852994820260407155610.0260407a1974 arg spa dAR-UNSa-BCEJYS aAR-UNSa-BCEJYSbspacAR-UNSa-BCEJYS a657.474.5xCálculo de costes. Estimación. Métodos de cálculo 10aContabilidad de costos y su contribuciónpsistema integrado de contabilidad administrativa 1aMéxico :bLimusac1974 aix, 262 p.c24 cm. a1. Un sistema de decisión para el costeo directo - 2. Conceptos y comportamiento del costo - 3. Análisis del costo y presupuestos flexibles de gastos de producción - 4. Contabilidad por áreas de responsabilidad - 5. Costeo directo del producto - 6. Sistemas de información sobre los costos de producción - 7. Sistemas de información sobre mercadeo - 8. Análisis de costo-volumen-utilidad - 9. Análisis de la contribución - 10. Los costos directos en las decisiones de los precios - 11. Aplicaciones adicionales de la información de costos directos en las decisiones de precios - 12. El costeo directo en las entidades de servicio - 13. Las contabilidad admnistrativa y el comportamiento humano - 14. Establecimiento de un costeo directo - 15. Costos directos; Algunos problemas y revisiones 1 aBöer, Germain B.1 aCalvet Perez, Ricardo